Normal view
MARC view
Entry Uniform Title
001 - CONTROL NUMBER
- control field: 18209
003 - CONTROL NUMBER IDENTIFIER
- control field: AUA.1
005 - DATE AND TIME OF LATEST TRANSACTION
- control field: 20111221103233.0
008 - FIXED-LENGTH DATA ELEMENTS
- fixed length control field: 111221|||a|||||| | ||| d
040 ## - CATALOGING SOURCE
- Original cataloging agency: AUA.1
- Transcribing agency: AUA.1
130 ## - HEADING--UNIFORM TITLE
- Uniform title: Bible
- Form subdivision: Commentaries.
- General subdivision: Hebrews/
670 ## - SOURCE DATA FOUND
- Source citation: Work cat.: (AUA.1)0: Koester R. Craig 18207, The Anchor Bible:, 1964